000 00316nam a22001217a 4500
999 _c2980
_d2980
005 20200925133418.0
008 200925b ||||| |||| 00| 0 eng d
020 _a9781444935059
040 _cCML
245 _aThe Famous Five.
_cBlyton, G.
260 _aLondon
_bHodder Children's Books
_c1997
942 _2ddc
_cBK
_kF
_mBLY